书目信息 |
| 题名: |
现代设园艺与蔬菜科学研究
|
|
| 作者: | 高丽红 郭世荣 | |
| 分册: | ||
| 出版信息: | 北京 科学出版社 2015 |
|
| 页数: | 321 | |
| 开本: | 26cm | |
| 丛书名: | ||
| 单 册: | ||
| 中图分类: | S62 | |
| 科图分类: | ||
| 主题词: | 园艺--温室栽培 , 园艺--设施 , 保护地栽培 | |
| 电子资源: | ||
| ISBN: | 7-03-043359-6 | |
| 000 | 00641nam0 2200205 450 | |
| 001 | 1735965424 | |
| 005 | 20170410095925.42 | |
| 010 | @a7-03-043359-6 | |
| 100 | @a20170410d km y0chiy0120 ea | |
| 101 | 0 | @achi |
| 200 | 1 | @a现代设园艺与蔬菜科学研究@Axian dai she yuan yi yu shu cai ke xue yan jiu@f高丽红 郭世荣@Fgao li hong guo shi rong |
| 210 | @a北京@c科学出版社@d2015 | |
| 215 | @a321@d26cm | |
| 606 | 0 | @a园艺@x温室栽培 |
| 606 | 0 | @a园艺@x设施 |
| 606 | 0 | @a保护地栽培 |
| 690 | @aS62@v4 | |
| 701 | 0 | @a高丽红 郭世荣@Agao li hong guo shi rong |
| 801 | 0 | @aCN@b大连网信软件有限公司图书馆·11@c20170410 |
| 905 | @b6604873@dS62@en14@f1 | |
| 现代设园艺与蔬菜科学研究/高丽红 郭世荣.-北京:科学出版社,2015 |
| 321;26cm |
| ISBN 7-03-043359-6: |
| ● |
| 相关链接 |
|
|
|
|
正题名:现代设园艺与蔬菜科学研究
索取号:S62/n14
 
预约/预借
| 序号 | 登录号 | 条形码 | 馆藏地/架位号 | 状态 | 备注 |
| 1 | 6604873 | 266048733 | 生命科学系资料室/ [索取号:S62/n14] | 在馆 |